000
00239nam a2200109Ia 4500
008
200302s9999 xx 000 0 und d
100
_a
R K Gautham
245
_a
Green Homes
260
_b
BS Publications
260
_c
2009
300
_a
305 P
999
_c
4280
_d
4280